000
00283nam a2200109Ia 4500
008
190722s9999 xx 000 0 und d
100
_a
Dr. A.B.Mathur V.P Jaggi
245
0
_a
Advanced Engineering Mathematics
260
_a
New Delhi
_b
Khanna Publishers
_c
2013
300
_a
1300
942
_c
BK
999
_c
21
_d
21